| 000 | 01615nam a2200277 a 4500 | ||
|---|---|---|---|
| 008 | 120416s1998 ||||||||||||||||| || u | ||
| 020 | _a0442025327 | ||
| 050 | _aTH 107.F73 Abb | ||
| 100 | _aAbbott, James A. (James Archer), 1963- | ||
| 245 | 1 | 0 | _aDesigning Camelot: the Kennedy White House restoration |
| 260 |
_aNew York: _bVan Nostrand Reinhold _c1998 |
||
| 300 | _axi, 260p. : ill. | ||
| 350 | _a0.00 | ||
| 650 | _aWHITE HOUSE (WASHINGTON, D.C.) | ||
| 650 | _aKennedy, John F. (John Fitzgerald), 1917-1963 - Art patronage | ||
| 650 | _aART | ||
| 650 | _aWASHINGTON (D.C)--BUILDINGS, STRUCTURES, ETC | ||
| 650 | _aMANSIONS----CONSERVATION AND RESTORATION--WASHINGTON (D.C) | ||
| 650 | _aOnassis, Jacqueline Kennedy, 1929- - Art patronage | ||
| 710 | _aBoscobel Restoration, inc | ||
| 995 |
_aANNEX COLLECTION (Main Library) _D0.00 _e733650 _FCBU-MAIN LIBRARY (Kitwe) _H1 _I45.00 _jTH 107.F73 Abb _M1 _UAVAILABLE _y45702 _ZAnnex Low-Usage Collection |
||
| 995 |
_aANNEX COLLECTION (Main Library) _e733648 _FCBU-MAIN LIBRARY (Kitwe) _I0.00 _jTH 107.F73 Abb _M4 _UAVAILABLE _WMar 19, 2013 _y45700 _ZAnnex Low-Usage Collection |
||
| 995 |
_aANNEX COLLECTION (Main Library) _D0.00 _e734647 _FCBU-MAIN LIBRARY (Kitwe) _H2 _I45.00 _jTH 107.F73 Abb _M2 _UAVAILABLE _y45699 _ZAnnex Low-Usage Collection |
||
| 995 |
_aANNEX COLLECTION (Main Library) _D0.00 _e733651 _FCBU-MAIN LIBRARY (Kitwe) _H3 _I45.00 _jTH 107.F73 Abb _M3 _UAVAILABLE _y45698 _ZAnnex Low-Usage Collection |
||
| 995 |
_aANNEX COLLECTION (Main Library) _D0.00 _e733649 _FCBU-MAIN LIBRARY (Kitwe) _H5 _I45.00 _jTH 107.F73 Abb _M5 _UAVAILABLE _y45701 _ZAnnex Low-Usage Collection |
||
| 999 |
_c63459 _d63459 |
||